| 000 | 01402cam a22003614a 4500 | ||
|---|---|---|---|
| 999 |
_c41431 _d41431 |
||
| 001 | 17018005 | ||
| 003 | OSt | ||
| 005 | 20220106143300.0 | ||
| 008 | 111024s2012 fluaf b 001 0 eng | ||
| 010 | _a 2011041793 | ||
| 020 | _a9781439818275 (hardcover : alk. paper) | ||
| 020 | _a1439818274 (hardcover : alk. paper) | ||
| 035 | _a(OCoLC)ocn659750547 | ||
| 040 |
_aDLC _cDLC _dYDX _dBTCTA _dYDXCP _dBWX _dDLC |
||
| 042 | _apcc | ||
| 043 | _ae-uk--- | ||
| 050 | 0 | 0 |
_aHV8077 _b.W37 2012 |
| 082 | 0 | 0 |
_a363.2562 _223 _bWAR/F |
| 100 | 1 |
_aWarlow, T. A. _q(Tom A.) _98999 |
|
| 245 | 1 | 0 |
_aFirearms, the law, and forensic ballistics / _cTom Warlow. |
| 250 | _a3rd ed. | ||
| 260 |
_aBoca Raton, FL : _bCRC Press, _cc2012. |
||
| 300 |
_axix, 477 p., [16] p. of plates : _bill. (some col.) ; _c25 cm. |
||
| 490 | 1 | _aInternational forensic science and investigation series | |
| 504 | _aIncludes bibliographical references and index. | ||
| 650 | 0 | _aForensic ballistics. | |
| 650 | 0 |
_aForensic ballistics _zGreat Britain. |
|
| 650 | 0 |
_aFirearms _xLaw and legislation _zGreat Britain. |
|
| 830 | 0 | _aInternational forensic science and investigation series. | |
| 906 |
_a7 _bcbc _corignew _d1 _eecip _f20 _gy-gencatlg |
||
| 942 |
_2ddc _cBK _h363.2562 _iWAR/F _k363.2562 _mWAR/F |
||